000 00755nam a2200265Ia 4500
003 OSt
005 20221002044530.0
006 a|||||r|||| 00| 0
007 ta
008 220930b |||||||| |||| 00| 0 urd d
020 _a8185999686
024 _a77828
037 _cReference Collections
040 _aCRL
_cCRL
_burh
041 _2urh
_aurh
082 _aP168:4k, 152P3(RR)
100 _aUsmani Mohd. Sjjad
_9569385
245 0 _aUrdu Hindi shabdkosh
260 _aDelhi
_bSwaraj Prakashan India
_c2003
300 _a863p.
_ccm.
650 _aLINGUISTICS
700 _a Sudhindra Kumar
_9402516
942 _hP168:4k, 152P3(RR)
_cref
_2CC
999 _c910554
_d910554